000 01141cam a2200361 a 4500
001 16737511
005 20201208093458.0
006 000
007 000
008 000
010 _a 2011012321
015 _aGBB159175
_2bnb
016 7 _a015808995
_2Uk
020 _a9780813807690 (hardcover : alk. paper)
020 _a0813807697 (hardcover : alk. paper)
035 _a(OCoLC)ocn717293221
040 _aDLC
_cDLC
_dYDX
_dYDXCP
050 0 0 _aS591
_b.B88 2011
070 0 _aS591
_b.B88 2011
082 0 0 _a631.4
_222
245 0 0 _aSoil genesis and classification /
_cS.W. Buol ... [et al.].
250 _a6th ed.
260 _aChichester, West Sussex ;
_aAmes, Lowa :
_bWiley-Blackwell,
_cc2011.
300 _axvi, 543 p., 12 p. of col. plates :
_bill., maps ;
_c25 cm.
504 _aIncludes bibliographical references and index.
650 0 _aSoil science
650 0 _aSoil formation
650 0 _aSoils
_vClassification
700 1 _aBuol, S. W.
906 _a7
_bcbc
_corignew
_d1
_eecip
_f20
_gy-gencatlg
942 _2lcc
_cSL2
999 _c16884
_d16884